00350nam a2200133Ia 4500008004100000020001500041041001200056082002300068100003900091245002700130260002700157300001200184650002000196231217s9999 xx 000 0 und d a817881465x aEnglish a658.4093 TAH;1 R aTaher, Nasreen. Swapna Gopalan ed. 0aArt of time management c2005bIcfaiaHyderabad avi, 184 atime,management